Biểu tượng Hồ Chí Minh qua những trang tư liệu lịch sử
Giới thiệu về quê hương, gia đình, thời thơ ấu; quá trình tìm đường cứu nước, hoạt động cách mạng của Người
Đã lưu trong:
| Tác giả chính: | |
|---|---|
| Định dạng: | Sách |
| Năm xuất bản: |
H.
Trường ĐHSP Huế
1996
|
| Chủ đề: | |
| Tags: |
Thêm thẻ
Không có thẻ, Hãy là người đầu tiên gắn thẻ bản ghi này!
|
| LEADER | 03263nam a2200325 4500 | ||
|---|---|---|---|
| 082 | |a 959.7092 |b Đ115V | ||
| 100 | |a Đặng Văn Hồ | ||
| 245 | |a Biểu tượng Hồ Chí Minh qua những trang tư liệu lịch sử |c Đặng Văn Hồ, Trần Vĩnh Tường, Trần Đức Minh; Lời tựa Phan Ngọc Liên | ||
| 260 | |a H. |b Trường ĐHSP Huế |c 1996 | ||
| 300 | |a 112 tr. |c 21 cm | ||
| 520 | |a Giới thiệu về quê hương, gia đình, thời thơ ấu; quá trình tìm đường cứu nước, hoạt động cách mạng của Người | ||
| 653 | |a Lịch sử | ||
| 653 | |a Việt Nam | ||
| 653 | |a tư liệu lịch sử | ||
| 653 | |a HCM, 1890-1969 | ||
| 942 | |2 ddc |c STK0 | ||
| 999 | |c 9194 |d 9194 | ||
| 952 | |0 0 |1 0 |2 ddc |4 0 |6 959_709200000000000_Đ115V |7 0 |8 900 |9 74357 |a qbu |b qbu |c D5 |d 2015-05-08 |g 22000 |l 1 |o 959.7092 Đ115V |p 9100.c1 |r 2017-10-19 |s 2017-10-12 |w 2015-05-08 |y STK0 |0 0 |6 959_709200000000000_Đ115V | ||
| 952 | |0 0 |1 0 |2 ddc |4 0 |6 959_709200000000000_Đ115V |7 0 |8 900 |9 74358 |a qbu |b qbu |c D5 |d 2015-05-08 |g 22000 |o 959.7092 Đ115V |p 9100.c2 |r 0000-00-00 |w 2015-05-08 |y STK0 |0 0 |6 959_709200000000000_Đ115V | ||
| 952 | |0 0 |1 0 |2 ddc |4 0 |6 959_709200000000000_Đ115V |7 0 |8 900 |9 74359 |a qbu |b qbu |c D5 |d 2015-05-08 |g 22000 |o 959.7092 Đ115V |p 9100.c3 |r 0000-00-00 |w 2015-05-08 |y STK0 |0 0 |6 959_709200000000000_Đ115V | ||
| 952 | |0 0 |1 0 |2 ddc |4 0 |6 959_709200000000000_Đ115V |7 0 |8 900 |9 74360 |a qbu |b qbu |c D5 |d 2015-05-08 |g 22000 |o 959.7092 Đ115V |p 9100.c4 |r 0000-00-00 |w 2015-05-08 |y STK0 |0 0 |6 959_709200000000000_Đ115V | ||
| 952 | |0 0 |1 0 |2 ddc |4 0 |6 959_709200000000000_Đ115V |7 0 |8 900 |9 74361 |a qbu |b qbu |c D5 |d 2015-05-08 |g 22000 |o 959.7092 Đ115V |p 9100.c5 |r 0000-00-00 |w 2015-05-08 |y STK0 |0 0 |6 959_709200000000000_Đ115V | ||
| 952 | |0 0 |1 0 |2 ddc |4 0 |6 959_709200000000000_Đ115V |7 0 |8 900 |9 74362 |a qbu |b qbu |c D5 |d 2015-05-08 |g 22000 |o 959.7092 Đ115V |p 9100.c6 |r 0000-00-00 |w 2015-05-08 |y STK0 |0 0 |6 959_709200000000000_Đ115V | ||
| 952 | |0 0 |1 0 |2 ddc |4 0 |6 959_709200000000000_Đ115V |7 0 |8 900 |9 74363 |a qbu |b qbu |c D5 |d 2015-05-08 |g 22000 |o 959.7092 Đ115V |p 9100.c7 |r 0000-00-00 |w 2015-05-08 |y STK0 |0 0 |6 959_709200000000000_Đ115V | ||
| 952 | |0 0 |1 0 |2 ddc |4 0 |6 959_709200000000000_Đ115V |7 0 |8 900 |9 74364 |a qbu |b qbu |c D5 |d 2015-05-08 |g 22000 |l 5 |o 959.7092 Đ115V |p 9100.c8 |r 2018-03-07 |s 2018-02-28 |w 2015-05-08 |y STK0 |0 0 |6 959_709200000000000_Đ115V | ||
| 952 | |0 0 |1 0 |2 ddc |4 0 |6 959_709200000000000_Đ115V |7 0 |8 900 |9 74365 |a qbu |b qbu |c D5 |d 2015-05-08 |g 22000 |l 1 |m 1 |o 959.7092 Đ115V |p 9100.c9 |r 2016-09-22 |s 2016-09-14 |w 2015-05-08 |y STK0 |0 0 |6 959_709200000000000_Đ115V | ||
| 952 | |0 0 |1 0 |2 ddc |4 0 |6 959_709200000000000_Đ115V |7 0 |8 900 |9 74366 |a qbu |b qbu |c D5 |d 2015-05-08 |g 22000 |o 959.7092 Đ115V |p 9100.c10 |r 0000-00-00 |w 2015-05-08 |y STK0 |0 0 |6 959_709200000000000_Đ115V | ||
| 952 | |0 0 |1 0 |2 ddc |4 0 |6 959_709200000000000_Đ115V |7 0 |8 900 |9 74367 |a qbu |b qbu |c D5 |d 2015-05-08 |g 22000 |o 959.7092 Đ115V |p 9100.c11 |r 0000-00-00 |w 2015-05-08 |y STK0 |0 0 |6 959_709200000000000_Đ115V | ||
| 952 | |0 0 |1 0 |2 ddc |4 0 |6 959_709200000000000_Đ115V |7 0 |8 900 |9 74368 |a qbu |b qbu |c D5 |d 2015-05-08 |g 22000 |o 959.7092 Đ115V |p 9100.c12 |r 0000-00-00 |w 2015-05-08 |y STK0 |0 0 |6 959_709200000000000_Đ115V | ||
| 952 | |0 0 |1 0 |2 ddc |4 0 |6 959_709200000000000_Đ115V |7 0 |8 900 |9 74369 |a qbu |b qbu |c D5 |d 2015-05-08 |g 22000 |l 6 |m 1 |o 959.7092 Đ115V |p 9100.c13 |r 2017-11-20 |s 2017-11-08 |w 2015-05-08 |y STK0 |0 0 |6 959_709200000000000_Đ115V | ||